[Event "Kostroma Volga Cup op"]
[Site "Kostroma"]
[Date "2009.07.??"]
[Round "8"]
[White "Pogilov, Ivan"]
[Black "Maslov, Mikhail"]
[Result "0-1"]
[WhiteElo "2114"]
[BlackElo "2324"]
[PlyCount "76"]
[EventDate "2009.07.03"]
[EventType "swiss"]
[EventRounds "9"]
[EventCountry "RUS"]
[SourceTitle "EXT 2021"]
[Source "ChessBase"]
[SourceDate "2020.10.23"]
[SourceVersion "1"]
[SourceVersionDate "2020.10.23"]
[SourceQuality "1"]

1. c4 e5 2. Nc3 Nc6 3. g3 f5 4. Bg2 Nf6 5. e4 d6 6. Nge2 fxe4 7. Nxe4 Nxe4 8. Bxe4 Bg4 9. 0-0 Be7 10. Bd5 Qd7 11. d4 Nxd4 12. f3 Nxe2+ 13. Qxe2 Bh3 14. Rd1 c6 15. Be4 0-0 16. Be3 Bf5 17. Qc2 Bxe4 18. Qxe4 Qf5 19. Kg2 Rf7 20. Qxf5 Rxf5 21. f4 exf4 22. gxf4 Raf8 23. Rd2 h6 24. Re1 R8f7 25. h3 a6 26. a3 Kh7 27. b4 Kg6 28. a4 Kh5 29. a5 Bh4 30. Red1 Re7 31. Rd3 Rf6 32. c5 d5 33. R1d2 Rg6+ 34. Kh1 Rg3 35. Bd4 Rxd3 36. Rxd3 Be1 37. Bc3 Bxc3 38. Rxc3 Re4 0-1

[Event "Kostroma Moskalev Memorial"]
[Site "Kostroma"]
[Date "2009.03.??"]
[Round "5"]
[White "Pogilov, Ivan"]
[Black "Shkalov, Oleg"]
[Result "1/2-1/2"]
[WhiteElo "2096"]
[BlackElo "2242"]
[PlyCount "52"]
[EventDate "2009.03.22"]
[EventType "swiss"]
[EventRounds "9"]
[EventCountry "RUS"]
[SourceTitle "EXT 2022"]
[Source "ChessBase"]
[SourceDate "2021.10.06"]
[SourceVersion "1"]
[SourceVersionDate "2021.10.06"]
[SourceQuality "1"]

1. c4 Nf6 2. Nc3 e6 3. e4 d5 4. e5 d4 5. exf6 dxc3 6. fxg7 cxd2+ 7. Qxd2 Qxd2+ 8. Bxd2 Bxg7 9. 0-0-0 Nc6 10. f4 b6 11. g3 Bb7 12. Bg2 0-0-0 13. Ne2 h5 14. Bc3 Rdg8 15. Rhg1 a6 16. b3 Rh6 17. Nd4 Ne7 18. Kb2 Rg6 19. Bxb7+ Kxb7 20. Nf3 Nf5 21. Bxg7 R6xg7 22. Ng5 Kc8 23. Rd3 a5 24. c5 e5 25. cxb6 exf4 26. Rc1 Rxg5 1/2-1/2